[Event "Bozen op"]
[Site "Bozen"]
[Date "1998.06.20"]
[Round "9"]
[White "Hamdouchi, Hichem"]
[Black "Timoshchenko, Gennadi A"]
[Result "1/2-1/2"]
[WhiteElo "2535"]
[BlackElo "2520"]
[PlyCount "75"]
[EventDate "1998.06.13"]
[Source "ChessBase"]
[SourceDate "1999.11.18"]

1. e4 c5 2. Nf3 e6 3. d4 cxd4 4. Nxd4 a6 5. Bd3 Nf6 6. O-O Qc7 7. c4 Nc6 8. Nf3
Be7 9. Nc3 O-O 10. b3 d6 11. Bb2 Rd8 12. Rc1 Ne5 13. Bb1 Nxf3+ 14. Qxf3 e5 15.
h3 Bd7 16. Qd3 Rac8 17. Kh1 Be8 18. f4 b5 19. cxb5 axb5 20. Nd5 Qb7 21. fxe5
dxe5 22. Bxe5 Nxd5 23. exd5 g6 24. Rxc8 Qxc8 25. Rd1 f6 26. Bb2 Qc5 27. Qe2 Bf7
28. Be4 b4 29. Bf3 Qd6 30. Rc1 Rd7 31. Rc6 Qf4 32. Rc4 Qg3 33. Kg1 Kg7 34. Rg4
Qd6 35. Rd4 Qg3 36. Rg4 Qd6 37. Rd4 Qg3 38. Rg4 1/2-1/2

[Event "Bozen op"]
[Site "Bozen"]
[Date "1998.06.20"]
[Round "9"]
[White "Manca, Federico"]
[Black "Horvath, Tamas"]
[Result "1/2-1/2"]
[WhiteElo "2375"]
[BlackElo "2385"]
[PlyCount "41"]
[EventDate "1998.06.13"]
[Source "ChessBase"]
[SourceDate "1999.11.18"]

1. e4 c5 2. c3 d5 3. exd5 Qxd5 4. d4 Nf6 5. Nf3 e6 6. Be3 Ng4 7. Bd3 Nxe3 8.
fxe3 Be7 9. O-O Nc6 10. Nbd2 O-O 11. Qe1 Qh5 12. Rd1 Bd7 13. Nc4 Rad8 14. Qg3
Be8 15. Kh1 b5 16. Nce5 Nxe5 17. Qxe5 Qxe5 18. Nxe5 g6 19. Be4 Kg7 20. Nc6 Bxc6
21. Bxc6 1/2-1/2

[Event "Bozen op"]
[Site "Bozen"]
[Date "1998.06.20"]
[Round "9"]
[White "Mrdja, Milan"]
[Black "Farago, Ivan"]
[Result "0-1"]
[WhiteElo "2380"]
[BlackElo "2475"]
[PlyCount "42"]
[EventDate "1998.06.13"]
[Source "ChessBase"]
[SourceDate "1999.11.18"]

1. e4 c5 2. Nf3 e6 3. d4 cxd4 4. Nxd4 a6 5. c4 Nf6 6. Nc3 Bb4 7. Bd3 Nc6 8.
Nxc6 dxc6 9. e5 Qa5 10. exf6 Bxc3+ 11. bxc3 Qxc3+ 12. Bd2 Qxd3 13. fxg7 Rg8 14.
Bh6 Qc3+ 15. Kf1 Qf6 16. Qc1 e5 17. Rb1 Be6 18. Rxb7 O-O-O 19. Ra7 Qh4 20. Ra8+
Kc7 21. Rxd8 Rxd8 0-1

[Event "Bozen op"]
[Site "Bozen"]
[Date "1998.06.20"]
[Round "9"]
[White "Naumkin, Igor"]
[Black "Zaja, Ivan"]
[Result "1-0"]
[WhiteElo "2435"]
[BlackElo "2450"]
[PlyCount "69"]
[EventDate "1998.06.13"]
[Source "ChessBase"]
[SourceDate "1999.11.18"]

1. d4 d5 2. c4 dxc4 3. Nf3 Nf6 4. e3 e6 5. Bxc4 c5 6. O-O a6 7. a4 Nc6 8. Qe2
Be7 9. Rd1 cxd4 10. exd4 O-O 11. Nc3 Nb4 12. Bg5 Bd7 13. Ne5 Bc6 14. Nxc6 bxc6
15. a5 Re8 16. Bf4 Nfd5 17. Be5 f6 18. Bg3 Bf8 19. Rd2 Ra7 20. Qf3 Bd6 21. Ne4
Bxg3 22. hxg3 e5 23. dxe5 Rxe5 24. Nc3 Rd7 25. g4 Kh8 26. g3 Rde7 27. Re2 Rxe2
28. Nxe2 Qd7 29. Rd1 Re5 30. Nd4 Qe7 31. Nxc6 Nxc6 32. Rxd5 g6 33. Rxe5 Nxe5
34. Qa8+ Kg7 35. Bxa6 1-0

[Event "Festival Bozen"]
[Site "?"]
[Date "1996.??.??"]
[Round "?"]
[White "Luciani, Valerio"]
[Black "Sulava, Nenad"]
[Result "0-1"]
[WhiteElo "2155"]
[BlackElo "2480"]
[PlyCount "108"]
[EventDate "1996.??.??"]
[Source "ChessBase"]
[SourceDate "1999.11.18"]

1. e4 c6 2. d4 d5 3. exd5 cxd5 4. c4 dxc4 5. Bxc4 Qc7 6. Bb3 Bg4 7. f3 Bd7 8.
Ne2 e6 9. Bf4 Bd6 10. Bxd6 Qxd6 11. Nbc3 Ne7 12. O-O O-O 13. Qd2 Nbc6 14. Rfd1
Na5 15. Bc2 Rac8 16. b3 Rfd8 17. Rac1 Nac6 18. Bb1 Be8 19. Qg5 h6 20. Qe3 Kf8
21. Ne4 Qa3 22. N2g3 Nd5 23. Qd2 Ndb4 24. Ne2 Nd5 25. Kh1 Nde7 26. N4c3 Qa5 27.
Qb2 Nb4 28. a3 Nbd5 29. b4 Qb6 30. Nxd5 Nxd5 31. Rxc8 Rxc8 32. Rc1 Rd8 33. Qc2
Bb5 34. Ng3 Qxd4 35. Rd1 Qb6 36. Qh7 Nf6 37. Rxd8+ Qxd8 38. Qc2 Bc6 39. h3 Qd6
40. Ne2 e5 41. Ba2 e4 42. fxe4 Nxe4 43. b5 Qg6 44. Kg1 Bxb5 45. Qc8+ Be8 46.
Qxb7 Qb6+ 47. Qxb6 axb6 48. Kf1 Bb5 49. Ke1 Bxe2 50. Kxe2 Nc3+ 51. Kd2 Nxa2 52.
Kc2 Ke7 53. Kb2 Nb4 54. axb4 Kd6 0-1

[Event "Festival Bozen"]
[Site "?"]
[Date "1996.??.??"]
[Round "?"]
[White "Mrdja, Milan"]
[Black "Dallaglio, Giovanni"]
[Result "1-0"]
[WhiteElo "2450"]
[BlackElo "2100"]
[PlyCount "45"]
[EventDate "1996.??.??"]
[Source "ChessBase"]
[SourceDate "1999.11.18"]

1. e4 c5 2. Nf3 g6 3. d4 Bg7 4. dxc5 Qa5+ 5. c3 Qxc5 6. Be3 Qc7 7. Bd4 f6 8.
Na3 Nc6 9. Be3 Nh6 10. Qd2 Nf7 11. h4 h5 12. Nd4 a6 13. Be2 d6 14. f4 e5 15.
Nxc6 bxc6 16. O-O-O Ke7 17. fxe5 Nxe5 18. Nc4 Nxc4 19. Bxc4 a5 20. Qf2 Bg4 21.
Rxd6 Rad8 22. e5 Rhf8 23. Bc5 1-0

[Event "Festival Bozen"]
[Site "?"]
[Date "1996.??.??"]
[Round "?"]
[White "De Eccher, Stefano"]
[Black "Astengo, Marco"]
[Result "1-0"]
[WhiteElo "2280"]
[BlackElo "2095"]
[PlyCount "65"]
[EventDate "1996.??.??"]
[Source "ChessBase"]
[SourceDate "1999.11.18"]

1. e4 e6 2. d4 d5 3. Nc3 Bb4 4. Nge2 dxe4 5. a3 Be7 6. Nxe4 Nd7 7. Bf4 Ngf6 8.
Qd3 b6 9. O-O-O Bb7 10. N2c3 O-O 11. h4 Nxe4 12. Nxe4 Nf6 13. Nxf6+ Bxf6 14.
Qg3 Rc8 15. h5 Qd5 16. c4 Qd7 17. Be5 Bxe5 18. dxe5 Qe7 19. Rh4 Rcd8 20. Bd3 f5
21. exf6 Rxf6 22. Rg4 Rdf8 23. f3 Bc6 24. Qe5 Rh6 25. Re1 Rff6 26. Rd4 Be8 27.
Rh1 g6 28. Qg5 Kg7 29. Qxh6+ Kxh6 30. hxg6+ Kg7 31. Rxh7+ Kf8 32. Rxe7 Kxe7 33.
g7 1-0

[Event "Festival Bozen"]
[Site "?"]
[Date "1996.??.??"]
[Round "?"]
[White "Widmann, Paul"]
[Black "Hitzgerova, Gabriela"]
[Result "1-0"]
[WhiteElo "1800"]
[BlackElo "1995"]
[PlyCount "85"]
[EventDate "1996.??.??"]
[Source "ChessBase"]
[SourceDate "1999.11.18"]

1. e4 c5 2. Nf3 d6 3. d4 cxd4 4. Nxd4 Nf6 5. Nc3 a6 6. Be2 e6 7. Be3 Qc7 8. O-O
Be7 9. a4 b6 10. f4 Bb7 11. Bf3 Nbd7 12. Nb3 O-O 13. Qe1 e5 14. f5 Rfd8 15. g4
d5 16. exd5 e4 17. Nxe4 Nxd5 18. Nc3 Nxe3 19. Qxe3 Nc5 20. Rae1 Bd6 21. Qe2
Nxb3 22. cxb3 Bc5+ 23. Kg2 Rd4 24. h3 Rad8 25. Rd1 Bxf3+ 26. Rxf3 Rxd1 27. Nxd1
Qd7 28. Nc3 Qd4 29. Rf1 Qd7 30. Rd1 Qb7+ 31. Qf3 Qc8 32. Rxd8+ Qxd8 33. Qd5 Qe8
34. Ne4 Bf8 35. Kf3 Qe7 36. g5 Qb4 37. g6 hxg6 38. fxg6 Qe7 39. Kg4 Qc7 40. Kh5
Bc5 41. Ng5 Bb4 42. gxf7+ Kf8 43. Nh7+ 1-0

[Event "Festival Bozen"]
[Site "?"]
[Date "1996.??.??"]
[Round "?"]
[White "Moroder, Thomas"]
[Black "Pieri, Filippo"]
[Result "1-0"]
[WhiteElo "1900"]
[BlackElo "2190"]
[PlyCount "69"]
[EventDate "1996.??.??"]
[Source "ChessBase"]
[SourceDate "1999.11.18"]

1. Nf3 c5 2. c4 Nf6 3. Nc3 Nc6 4. g3 g6 5. Bg2 Bg7 6. O-O O-O 7. Rb1 d5 8. cxd5
Nxd5 9. Nxd5 Qxd5 10. d3 Qd6 11. Nd2 b6 12. Nc4 Qd7 13. a3 Bb7 14. b4 cxb4 15.
axb4 Nd4 16. Bd2 Rfc8 17. Bxb7 Qxb7 18. Rc1 Rc6 19. Bc3 Rac8 20. Bxd4 Bxd4 21.
Qb3 Qd7 22. Qa4 Qh3 23. Qb5 g5 24. Qd5 b5 25. Ne5 Bxf2+ 26. Kxf2 Qxh2+ 27. Ke3
Rxc1 28. Qxf7+ Kh8 29. Rxc1 Qxg3+ 30. Kd2 Rg8 31. Nc6 Qd6 32. Qxe7 Qf4+ 33. Qe3
Qf7 34. Qd4+ Rg7 35. Ne7 1-0

[Event "Festival Bozen"]
[Site "?"]
[Date "1996.??.??"]
[Round "?"]
[White "Schreiber, Edwin"]
[Black "Ruzzier, Dario"]
[Result "0-1"]
[WhiteElo "1930"]
[BlackElo "1960"]
[PlyCount "28"]
[EventDate "1996.??.??"]
[Source "ChessBase"]
[SourceDate "1999.11.18"]

1. e4 e5 2. Nf3 Nc6 3. d4 exd4 4. Nxd4 Nf6 5. Bc4 Bc5 6. Nxc6 bxc6 7. e5 Ne4 8.
O-O Nxf2 9. Bxf7+ Kxf7 10. Qf3+ Ke8 11. Be3 Rf8 12. Qe2 Ba6 13. Qxa6 Bxe3 14.
e6 Nd3+ 0-1

[Event "Festival Bozen"]
[Site "?"]
[Date "1996.??.??"]
[Round "?"]
[White "Oberrauch, Martin"]
[Black "Dinser, Hans"]
[Result "1-0"]
[WhiteElo "2035"]
[BlackElo "1910"]
[PlyCount "85"]
[EventDate "1996.??.??"]
[Source "ChessBase"]
[SourceDate "1999.11.18"]

1. Nf3 d5 2. g3 g6 3. Bg2 Bg7 4. d3 e5 5. Nbd2 Ne7 6. O-O O-O 7. e4 d4 8. Nb3
Nd7 9. Nh4 c5 10. f4 f6 11. fxe5 fxe5 12. Bg5 b6 13. Nd2 Nf6 14. Nc4 Qc7 15.
Nf3 Nc6 16. a4 Be6 17. b3 h6 18. Bd2 Kh7 19. h3 Ng8 20. Kh2 a6 21. a5 b5 22.
Nb6 Rad8 23. Qe2 Nge7 24. Nh4 b4 25. Nd5 Qd6 26. Nxe7 Qxe7 27. Bf3 Rf6 28. Bg4
Rdf8 29. Kg2 Rxf1 30. Rxf1 Rxf1 31. Qxf1 Bxg4 32. hxg4 Qe6 33. g5 hxg5 34. Bxg5
Nxa5 35. Qa1 Nb7 36. Nf3 a5 37. Qa4 Kg8 38. Qb5 Qf7 39. Bh4 Qc7 40. Qe8+ Kh7
41. Ng5+ Kh6 42. Qg8 Kh5 43. Qh7+ 1-0

[Event "Festival Bozen"]
[Site "?"]
[Date "1996.??.??"]
[Round "?"]
[White "Stoll, Thomas"]
[Black "Rigo, Gianfrancesco"]
[Result "1-0"]
[WhiteElo "2085"]
[BlackElo "1890"]
[PlyCount "135"]
[EventDate "1996.??.??"]
[Source "ChessBase"]
[SourceDate "1999.11.18"]

1. d4 Nf6 2. Nf3 g6 3. Bg5 Bg7 4. Nbd2 c5 5. e3 Nc6 6. c3 d6 7. Be2 cxd4 8.
exd4 h6 9. Bxf6 Bxf6 10. Ne4 Bg7 11. O-O O-O 12. Re1 Qc7 13. Bd3 Bg4 14. Ned2
Rae8 15. Qa4 Bd7 16. Qc2 e5 17. dxe5 Nxe5 18. Nd4 d5 19. Rad1 Bg4 20. Be2 Re7
21. Nf1 Rfe8 22. Ne3 Bxe2 23. Nxe2 d4 24. Nd5 d3 25. Nxe7+ Rxe7 26. Rxd3 Nxd3
27. Qxd3 Rd7 28. Qe3 Re7 29. Qd3 Rd7 30. Qc2 Qc4 31. Nc1 Qf4 32. Rd1 Rxd1+ 33.
Qxd1 Be5 34. g3 Qe4 35. Qe2 Qb1 36. Qxe5 Qxc1+ 37. Kg2 Qxb2 38. Qb8+ Kg7 39.
Qxa7 Qb5 40. Qd4+ Kg8 41. h4 Qc6+ 42. Kh2 Qf3 43. Qe3 Qf5 44. a4 Kg7 45. Qd4+
Kh7 46. Kg2 Qe6 47. c4 Kg8 48. Qd5 Qc8 49. a5 Qc7 50. a6 bxa6 51. Qa8+ Kg7 52.
Qxa6 Qe5 53. Qc6 g5 54. hxg5 hxg5 55. Qd5 Qxd5+ 56. cxd5 Kf6 57. f4 gxf4 58.
gxf4 Ke7 59. Kf3 Kd7 60. Ke4 Kd6 61. Kd4 Kd7 62. Ke5 Ke7 63. d6+ Kd7 64. Kf6
Kxd6 65. Kxf7 Kd7 66. f5 Kd8 67. f6 Kd7 68. Kg7 1-0

[Event "Festival Bozen"]
[Site "?"]
[Date "1996.??.??"]
[Round "?"]
[White "Di Lazzaro, Gabriele"]
[Black "Nurkic, Szabasz"]
[Result "0-1"]
[WhiteElo "2140"]
[BlackElo "2300"]
[PlyCount "68"]
[EventDate "1996.??.??"]
[Source "ChessBase"]
[SourceDate "1999.11.18"]

1. Nf3 g6 2. g3 Bg7 3. Bg2 e5 4. e4 Nc6 5. O-O d6 6. c3 Nf6 7. Re1 O-O 8. d4
exd4 9. Nxd4 Bd7 10. Bg5 h6 11. Bf4 Re8 12. Na3 Ne5 13. h3 Qc8 14. Kh2 a6 15.
Qd2 Kh7 16. Rad1 Rb8 17. b3 b5 18. Nac2 c5 19. Bxe5 dxe5 20. Nf3 Bc6 21. Ng1
Qb7 22. f3 h5 23. h4 Bh6 24. Qd6 Re6 25. Qxc5 Rc8 26. Qf2 Bxe4 27. Bh3 Bf5 28.
Bxf5 gxf5 29. Ne2 Rg8 30. Ne3 Qb6 31. Ng1 Kh8 32. Re2 f4 33. Nf5 fxg3+ 34. Nxg3
Bf4 0-1

[Event "Festival Bozen"]
[Site "?"]
[Date "1996.??.??"]
[Round "?"]
[White "Astengo, Marcello"]
[Black "Di Lazzaro, Gabriele"]
[Result "1-0"]
[WhiteElo "2095"]
[BlackElo "2100"]
[PlyCount "111"]
[EventDate "1996.??.??"]
[Source "ChessBase"]
[SourceDate "1999.11.18"]

1. d4 g6 2. c4 Bg7 3. Nc3 c5 4. d5 d6 5. e4 Nf6 6. Be2 O-O 7. g4 e6 8. g5 Ne8
9. h4 exd5 10. cxd5 Qe7 11. Qc2 Na6 12. Be3 Nb4 13. Qb1 f5 14. a3 Na6 15. f3
Nec7 16. Qc2 Bd7 17. O-O-O b5 18. h5 b4 19. Nb1 bxa3 20. bxa3 Rab8 21. hxg6 Rb2
22. gxh7+ Kh8 23. Qxb2 Bxb2+ 24. Kxb2 Rb8+ 25. Ka2 Ba4 26. Bd2 Ne8 27. exf5 Qb7
28. Bc3+ Ng7 29. f6 Nf5 30. g6 Bxd1 31. g7+ Nxg7 32. fxg7+ Qxg7 33. Bxd1 Nc7
34. Ne2 Nxd5 35. Bxg7+ Kxg7 36. Bb3 Nf6 37. h8=Q+ Rxh8 38. Rxh8 Kxh8 39. Nbc3
Kg7 40. Ne4 Ne8 41. N2c3 Kf8 42. Nb5 Ke7 43. Nxa7 Nc7 44. a4 Kd7 45. Nxd6 Na6
46. Nab5 Kc6 47. f4 Nb4+ 48. Kb1 Kd7 49. f5 Ke7 50. Ne4 Nc6 51. f6+ Kf8 52. Nc7
Nd4 53. Bd5 Ne2 54. Kb2 c4 55. Ng5 c3+ 56. Ka3 1-0

[Event "Festival Bozen"]
[Site "?"]
[Date "1996.??.??"]
[Round "?"]
[White "Hitzgerova, Gabriela"]
[Black "Pieri, Filippo"]
[Result "0-1"]
[WhiteElo "1995"]
[BlackElo "2190"]
[PlyCount "88"]
[EventDate "1996.??.??"]
[Source "ChessBase"]
[SourceDate "1999.11.18"]

1. e4 c5 2. Nf3 d6 3. d4 cxd4 4. Nxd4 Nf6 5. Nc3 g6 6. Be2 Bg7 7. O-O O-O 8.
Nb3 Nc6 9. Be3 Be6 10. f4 Qc8 11. h3 Rd8 12. Qd2 d5 13. e5 Ne4 14. Nxe4 dxe4
15. Qc3 g5 16. Bb5 gxf4 17. Bxf4 Bxb3 18. cxb3 Nd4 19. Bc4 b5 20. Bxf7+ Kxf7
21. Be3+ Ke6 22. Bxd4 Qxc3 23. bxc3 Bxe5 24. Bxe5 Kxe5 25. Rf7 e6 26. Re1 Rd2
27. Rxh7 Rg8 28. g4 Rc8 29. Rxa7 Rxc3 30. a4 Rg3+ 31. Kh1 Rxh3+ 32. Kg1 b4 33.
Rb7 Rxb3 34. a5 Ra2 35. Rb5+ Kf4 36. g5 Rbb2 37. g6 Rg2+ 38. Kh1 Rh2+ 39. Kg1
Rag2+ 40. Kf1 Rf2+ 41. Kg1 Rhg2+ 42. Kh1 Rh2+ 43. Kg1 Rfg2+ 44. Kf1 Kf3 0-1

[Event "Festival Bozen"]
[Site "?"]
[Date "1997.??.??"]
[Round "?"]
[White "Moroder, Thomas"]
[Black "De Eccher, Stefano"]
[Result "0-1"]
[WhiteElo "1950"]
[BlackElo "2210"]
[PlyCount "50"]
[EventDate "1996.??.??"]
[Source "ChessBase"]
[SourceDate "1999.11.18"]

1. e4 c5 2. Nc3 Nc6 3. Nge2 g6 4. g3 Bg7 5. Bg2 e6 6. O-O Nge7 7. d3 d6 8. Be3
Nd4 9. Qd2 O-O 10. Nd1 Rb8 11. c3 Nxe2+ 12. Qxe2 b5 13. h4 b4 14. c4 Nc6 15. h5
Nd4 16. Bxd4 Bxd4 17. Ne3 Qg5 18. Bf3 f5 19. exf5 gxf5 20. Kg2 Kh8 21. Rab1 f4
22. Nc2 fxg3 23. fxg3 Be5 24. Bg4 Rg8 25. Kh3 Rb7 0-1

[Event "Festival Bozen"]
[Site "?"]
[Date "1996.??.??"]
[Round "?"]
[White "Ruzzier, Dario"]
[Black "Mrdja, Milan"]
[Result "0-1"]
[WhiteElo "1960"]
[BlackElo "2450"]
[PlyCount "50"]
[EventDate "1996.??.??"]
[Source "ChessBase"]
[SourceDate "1999.11.18"]

1. d4 Nf6 2. c4 g6 3. Nc3 Bg7 4. e4 O-O 5. Nf3 d6 6. Be2 c5 7. d5 e6 8. O-O Re8
9. Nd2 Na6 10. f4 exd5 11. cxd5 Nc7 12. a4 Rb8 13. Bf3 a6 14. Nc4 b5 15. Nxd6
Qxd6 16. e5 Qd8 17. d6 Ne6 18. exf6 Bxf6 19. axb5 axb5 20. Nd5 Nd4 21. d7 Bxd7
22. Nxf6+ Qxf6 23. Ra7 Rbd8 24. Kh1 Bf5 25. Rg1 Nc6 0-1

[Event "Festival Bozen"]
[Site "?"]
[Date "1996.??.??"]
[Round "?"]
[White "Nurkic, Szabasz"]
[Black "Oberrauch, Martin"]
[Result "1/2-1/2"]
[WhiteElo "2360"]
[BlackElo "2030"]
[PlyCount "73"]
[EventDate "1996.??.??"]
[Source "ChessBase"]
[SourceDate "1999.11.18"]

1. e4 Nf6 2. e5 Nd5 3. c4 Nb6 4. c5 Nd5 5. Bc4 e6 6. Qg4 h6 7. d4 b6 8. cxb6
axb6 9. Nf3 Ba6 10. Bxa6 Nxa6 11. O-O Nab4 12. Nc3 Nd3 13. Nxd5 exd5 14. Rd1
Nxc1 15. Raxc1 g6 16. h4 h5 17. Qh3 Bh6 18. Rc3 c6 19. a3 Qe7 20. Rf1 Qe6 21.
Qg3 Ra4 22. b4 b5 23. Rd1 Qf5 24. e6 Bf4 25. exf7+ Kf8 26. Qh3 Qxh3 27. gxh3
Kxf7 28. Ne1 Bd6 29. Nf3 Bf4 30. Kg2 Re8 31. Rdd3 Raa8 32. Ng5+ Bxg5 33. hxg5
Re6 34. Kg3 Kg7 35. Rf3 Rf8 36. Rfe3 Rfe8 37. Rxe6 1/2-1/2

[Event "Festival Bozen"]
[Site "?"]
[Date "1996.??.??"]
[Round "?"]
[White "Rigo, Gianfrancesco"]
[Black "Luciani, Valerio"]
[Result "0-1"]
[WhiteElo "1890"]
[BlackElo "2030"]
[PlyCount "82"]
[EventDate "1996.??.??"]
[Source "ChessBase"]
[SourceDate "1999.11.18"]

1. e4 e6 2. d4 d5 3. Nc3 Bb4 4. e5 c5 5. a3 Bxc3+ 6. bxc3 Ne7 7. Qg4 Kf8 8. h4
Qa5 9. Bd2 Qa4 10. Rh3 Nbc6 11. Nf3 Qxc2 12. Ng5 Qf5 13. Qd1 cxd4 14. f4 dxc3
15. Rxc3 h5 16. g3 Qg6 17. Qa4 f6 18. Bd3 Qe8 19. exf6 gxf6 20. Bb5 fxg5 21.
fxg5 a6 22. O-O-O Bd7 23. Rf1+ Nf5 24. Bd3 Nce7 25. Qd4 Kg8 26. Qe5 Qb8 27. Qf6
Qf8 28. Rc7 Rc8 29. Rxc8 Bxc8 30. Bc3 Rh7 31. Bxf5 exf5 32. Qd6 Qe8 33. Re1 Qd7
34. Qf6 Qc6 35. Rxe7 Rxe7 36. Qh8+ Kf7 37. g6+ Qxg6 38. Qxc8 d4 39. Qc4+ Qe6
40. Qxd4 Qe3+ 41. Qxe3 Rxe3 0-1

[Event "Festival Bozen"]
[Site "?"]
[Date "1996.??.??"]
[Round "?"]
[White "Dallaglio, Giovanni"]
[Black "Schreiber, Edwin"]
[Result "1/2-1/2"]
[WhiteElo "2115"]
[BlackElo "1930"]
[PlyCount "122"]
[EventDate "1996.??.??"]
[Source "ChessBase"]
[SourceDate "1999.11.18"]

1. d4 c5 2. d5 d6 3. e4 Nf6 4. Nc3 g6 5. Nf3 Bg7 6. Bb5+ Nbd7 7. a4 O-O 8. O-O
a6 9. Bd3 Ng4 10. Re1 Nge5 11. Nxe5 Nxe5 12. h3 Nxd3 13. Qxd3 f5 14. exf5 Bxf5
15. Qe2 Rf7 16. Bg5 Qc7 17. g4 Bd7 18. Nd1 Re8 19. c4 e5 20. Nc3 h6 21. Bh4 g5
22. Bg3 Ref8 23. Ne4 Rf3 24. Nd2 R3f6 25. Ra3 Be8 26. Ne4 R6f7 27. Kg2 Re7 28.
Rf3 Rxf3 29. Qxf3 Rf7 30. Qa3 Rd7 31. b4 b6 32. bxc5 bxc5 33. a5 Bg6 34. f3
Bxe4 35. fxe4 Qb8 36. Re3 Rb7 37. Be1 Rb2+ 38. Kg3 Rc2 39. Rb3 Qf8 40. Rf3 Qb8
41. Qa4 Qb2 42. Bf2 Rc3 43. Qe8+ Kh7 44. Qf7 Rxf3+ 45. Qxf3 Qd2 46. Qf5+ Kh8
47. h4 Qf4+ 48. Kg2 Qxf5 49. exf5 Bf6 50. hxg5 Bxg5 51. Kf3 Bd2 52. Be3 Bxe3
53. Kxe3 Kg7 54. Ke4 Kf6 55. Kf3 h5 56. gxh5 Kxf5 57. h6 Kg6 58. Kg4 Kxh6 59.
Kf5 Kg7 60. Kg5 Kf7 61. Kf5 Ke7 1/2-1/2

[Event "Festival Bozen"]
[Site "?"]
[Date "1996.??.??"]
[Round "?"]
[White "Hitzgerova, Gabriela"]
[Black "Rigo, Gianfrancesco"]
[Result "1-0"]
[WhiteElo "2155"]
[BlackElo "2060"]
[PlyCount "123"]
[EventDate "1996.??.??"]
[Source "ChessBase"]
[SourceDate "1999.11.18"]

1. e4 e5 2. Nf3 Nc6 3. Bb5 f5 4. d3 fxe4 5. dxe4 Nf6 6. Nc3 d6 7. O-O Be7 8. a3
Bg4 9. Qd3 Bxf3 10. Qxf3 O-O 11. Qh3 Nd4 12. Bd3 c6 13. Be3 Qd7 14. Qxd7 Nxd7
15. Rad1 Nb6 16. a4 Bf6 17. a5 Nd7 18. Nb1 b5 19. axb6 Nxb6 20. c3 Nb5 21. Bxb5
cxb5 22. Bxb6 axb6 23. Rxd6 Ra2 24. b4 Bg5 25. Rd5 Rb2 26. Na3 Ra2 27. Nxb5
Rfxf2 28. Rd8+ Bxd8 29. Rxf2 Ra1+ 30. Rf1 Ra2 31. Re1 Bg5 32. Kf1 Bh4 33. g3
Bg5 34. Re2 Ra1+ 35. Kf2 Rc1 36. Ra2 h5 37. Ke2 Kh7 38. Kd3 Re1 39. Re2 Rd1+
40. Kc4 h4 41. gxh4 Bxh4 42. Nc7 Bd8 43. Nd5 Rc1 44. Kb5 Kg6 45. Re3 Rc2 46. h3
Kf7 47. Nxb6 Bg5 48. Rf3+ Ke6 49. Rd3 Re2 50. Na4 Be7 51. Nc5+ Kf6 52. Kc6 g5
53. Kd5 Rc2 54. Nd7+ Kg7 55. Nxe5 Bf6 56. b5 Rb2 57. c4 Rb1 58. Nd7 Bd8 59. Kc6
Rc1 60. c5 Be7 61. b6 Rb1 62. b7 1-0

[Event "Festival Bozen"]
[Site "?"]
[Date "1996.??.??"]
[Round "?"]
[White "Mrdja, Milan"]
[Black "De Eccher, Stefano"]
[Result "1/2-1/2"]
[WhiteElo "2450"]
[BlackElo "2280"]
[PlyCount "125"]
[EventDate "1996.??.??"]
[Source "ChessBase"]
[SourceDate "1999.11.18"]

1. e4 c5 2. Nf3 d6 3. d4 cxd4 4. Nxd4 Nf6 5. Nc3 g6 6. Be3 Bg7 7. f3 O-O 8. Qd2
Nc6 9. g4 Be6 10. O-O-O Ne5 11. h3 Rc8 12. f4 Nc4 13. Nxe6 fxe6 14. Bxc4 Rxc4
15. e5 Ne8 16. b3 Rc6 17. Nb5 Nc7 18. a4 Nd5 19. c4 dxe5 20. Nxa7 Qd6 21. Nxc6
Qa3+ 22. Qb2 Qxb2+ 23. Kxb2 Nxe3 24. Nxe7+ Kf7 25. Rd7 exf4+ 26. Kc1 Ke8 27.
Rxb7 Rf7 28. Nc8 Rxb7 29. Nd6+ Kd7 30. Nxb7 Bc3 31. Nc5+ Kc6 32. Ne4 Bb4 33.
Rh2 e5 34. Re2 Nf1 35. Rf2 Ne3 36. Re2 Nf1 37. Kd1 h5 38. gxh5 gxh5 39. Rf2
Ne3+ 40. Ke2 Nc2 41. Kd3 Ne1+ 42. Ke2 Nc2 43. Kd3 Nd4 44. Rb2 Be7 45. Rf2 f3
46. Nd2 Bh4 47. Rxf3 Nxf3 48. Nxf3 Bg3 49. Ke4 Kc5 50. Kf5 Kb4 51. Ke4 Kxb3 52.
c5 Bf2 53. c6 Bb6 54. Nxe5 Kxa4 55. Kd5 Bc7 56. Nf3 Kb5 57. Nd4+ Kb6 58. Ne6
Bg3 59. Ng7 h4 60. Nf5 Kc7 61. Ng7 Bf2 62. Ke5 Bg3+ 63. Kd5 1/2-1/2

[Event "Festival Bozen"]
[Site "?"]
[Date "1996.??.??"]
[Round "?"]
[White "Redaelli, M."]
[Black "Nicolis, C."]
[Result "1/2-1/2"]
[WhiteElo "1705"]
[BlackElo "1665"]
[PlyCount "116"]
[EventDate "1996.??.??"]
[Source "ChessBase"]
[SourceDate "1999.11.18"]

1. Nf3 d5 2. g3 Nf6 3. Bg2 c5 4. O-O Nc6 5. d3 e5 6. e4 d4 7. a4 Bd6 8. Na3 O-O
9. Nc4 Bc7 10. h3 h6 11. Nh4 Be6 12. Nf5 Qd7 13. f4 a6 14. fxe5 Nxe5 15. Nxe5
Bxe5 16. Bf4 Bxf4 17. Rxf4 Bxf5 18. Rxf5 Rab8 19. a5 Qc7 20. Qf3 Rfe8 21. b3
Re5 22. Qf4 Rbe8 23. Rf1 Qe7 24. Rxe5 Qxe5 25. h4 Re7 26. Bh3 Re8 27. Kg2 Kf8
28. Kf3 Kg8 29. Ra1 Kf8 30. Ra4 Qh5+ 31. Bg4 Nxg4 32. Qxg4 Qe5 33. Qf5 Qxf5+
34. exf5 Re5 35. Kf4 f6 36. Rc4 Ke7 37. b4 cxb4 38. Rxb4 Rxa5 39. Rxb7+ Ke8 40.
Ke4 Re5+ 41. Kxd4 Rxf5 42. Ke4 Re5+ 43. Kf3 a5 44. d4 Re1 45. c4 a4 46. Ra7 Ra1
47. c5 a3 48. Kg2 a2 49. c6 Rc1 50. Rxa2 Rxc6 51. Ra3 Rd6 52. Rd3 Kf7 53. Kf3
f5 54. Kf4 Kf6 55. h5 Rd5 56. Rd2 Kf7 57. Ke3 Kf6 58. Rc2 Rd7 1/2-1/2

[Event "Festival Bozen"]
[Site "?"]
[Date "1996.??.??"]
[Round "?"]
[White "Luciani, Valerio"]
[Black "Dallaglio, Giovanni"]
[Result "0-1"]
[WhiteElo "2155"]
[BlackElo "2105"]
[PlyCount "114"]
[EventDate "1996.??.??"]
[Source "ChessBase"]
[SourceDate "1999.11.18"]

1. e4 c5 2. Nc3 Nc6 3. g3 g6 4. Bg2 Bg7 5. d3 e6 6. Be3 d6 7. Qd2 Rb8 8. Nge2
Nd4 9. O-O b5 10. Rae1 Ne7 11. Nc1 a5 12. Nd1 b4 13. f3 O-O 14. Rf2 a4 15. Bh6
Ba6 16. Bxg7 Kxg7 17. Ne3 b3 18. axb3 axb3 19. c3 Ndc6 20. f4 f5 21. g4 Kh8 22.
Kh1 d5 23. exd5 exd5 24. gxf5 gxf5 25. Nf1 d4 26. c4 Bc8 27. Qd1 Na5 28. Nd2
Ng6 29. Ne2 Qd6 30. Nf1 Bb7 31. h3 Bxg2+ 32. Kxg2 Nh4+ 33. Kh2 Rbe8 34. Ng1 Ng6
35. Rxe8 Rxe8 36. Qd2 Nc6 37. Ng3 Nh4 38. Nf1 Nb4 39. Nf3 Ng6 40. Ng5 Qc7 41.
Ng3 h6 42. Nf3 Qxf4 43. Qxf4 Nxf4 44. Nxd4 Nbxd3 45. Rxf4 Nxf4 46. Nxb3 Re5 47.
Nd2 Nd3 48. b3 Kh7 49. Kg2 Kg6 50. Nf3 Kf6 51. Nxe5 Kxe5 52. Kf3 Nc1 53. Nf1
Nxb3 54. Ke3 f4+ 55. Kd3 h5 56. Nh2 Nd4 57. Nf1 Nf3 0-1

[Event "Festival Bozen"]
[Site "?"]
[Date "1996.??.??"]
[Round "?"]
[White "Di Lazzaro, Gabriele"]
[Black "Dinser, Hans"]
[Result "1-0"]
[WhiteElo "2100"]
[BlackElo "1910"]
[PlyCount "119"]
[EventDate "1996.??.??"]
[Source "ChessBase"]
[SourceDate "1999.11.18"]

1. Nf3 d5 2. g3 g6 3. d4 Bg7 4. Bg2 Nf6 5. c4 O-O 6. b3 c6 7. O-O Re8 8. Bb2 e6
9. Nc3 a5 10. Qc2 Nbd7 11. Rfe1 dxc4 12. bxc4 Nb6 13. Qd3 Nfd7 14. Rad1 Qe7 15.
c5 Nd5 16. Ne4 Rd8 17. a4 f5 18. Nd6 Nxc5 19. Nxc8 Raxc8 20. Qa3 Ne4 21. Qa1
Qc7 22. Rc1 h6 23. Red1 Qf7 24. Ne1 Bf6 25. Nd3 Be7 26. Ne5 Qf6 27. f3 Nd6 28.
Rd3 Nf7 29. Nc4 Bb4 30. e4 fxe4 31. fxe4 Ne7 32. Rf1 Qg7 33. Rdf3 Ng5 34. Rf4
Rf8 35. d5 Qh7 36. d6 Nd5 37. exd5 cxd5 38. Nb6 Bxd6 39. Rxf8+ Rxf8 40. Rxf8+
Bxf8 41. Qe1 Qf7 42. h4 Ne4 43. Bxe4 dxe4 44. Qc3 Qf5 45. Nd7 e5 46. Nxf8 e3
47. Qxe3 Kxf8 48. Qf2 Ke7 49. Qxf5 gxf5 50. Bxe5 h5 51. Bc7 Kd7 52. Bxa5 Kc6
53. Kf2 b5 54. axb5+ Kxb5 55. Bd8 Kc6 56. Kf3 Kd7 57. Ba5 Ke6 58. Kf4 Kf6 59.
Bc3+ Kg6 60. Bd4 1-0